Statystyki dla Bramkarze Bayeru 04 Leverkusen w XXI wieku

Kliknij tutaj aby rozwiązać quiz!

Ogólne statystyki

  • Ten quiz został rozwiązany 49 razy
    (2 od ostatniego zresetowania)
  • Średni wynik to 4 z 17

Statystyki odpowiedzi

Lata gryNarodowośćNazwisko% Poprawnych
2018-FinlandiaLukas Hradecky
100%
2023-CzechyMatěj Kovář
100%
2012-NiemcyNiklas Lomb
100%
2021-2023RosjaAndrey Lunev
50%
1998-2001PolskaAdam Matysek
0%
2006-2010NiemcyBenedikt Fernandez
0%
2011-2018NiemcyBernd Leno
0%
2014-2016ChorwacjaDario Kresic
0%
2011-2016Stany ZjednoczoneDavid Yelldell
0%
2008-2012NiemcyFabian Giefer
0%
1999-2004AustraliaFrank Juric
0%
2001-2007NiemcyHans-Jörg Butt
0%
2020-2022NiemcyLennart Grill
0%
2012-2013NiemcyMichael Rensing
0%
2000-2001SzwajcariaPascal Zuberbühler
0%
2016-2020AustriaRamazan Özcan
0%
2004-2012NiemcyRené Adler
0%

Rozkład punktacji

Percentyl według liczby udzielonych odpowiedzi

Procent ludzi z każdym wynikiem

Twoja historia wyników

Nie rozwiązałeś tego quizu od ostatniego zresetowania